Sláva a skandál Velkého Francouze

Životopis a činnosť francúzskeho diplomata a technika Ferdinanda de Lesseps-a. Dal vybudovať Suezský prieplav, čo ho urobilo jedným z najobdivovanejších mužov sveta. Plán vybudovať Panamský prieplav sa mu nepodarilo splniť, ale prieplav dokončili Američania.

Salvato in:
Dettagli Bibliografici
Autore principale: Brož, Ivan
Natura: Capitolo di libro
Lingua:ceco
Soggetti:
Tags: Aggiungi Tag
Nessun Tag, puoi essere il primo ad aggiungerne!!

MARC

LEADER 00000naa$a2200000$$$4500
001 0022816
005 20231018124050.6
041 0 |a cze 
044 |a CZ 
245 1 0 |a Sláva a skandál Velkého Francouze  |c Ivan Brož 
520 |a Životopis a činnosť francúzskeho diplomata a technika Ferdinanda de Lesseps-a. Dal vybudovať Suezský prieplav, čo ho urobilo jedným z najobdivovanejších mužov sveta. Plán vybudovať Panamský prieplav sa mu nepodarilo splniť, ale prieplav dokončili Američania. 
610 2 0 |a staviteľstvo vodné 
610 2 0 |a doprava námorná 
610 2 0 |a prieplavy 
610 2 0 |a Afrika 
610 2 0 |a Egypt 
610 2 0 |a Francúzsko 
610 2 0 |a osobnosť 
610 2 0 |a Lesseps, F. 
100 1 |a Brož, Ivan